Fallout: New Vegas Perks - Statistics

General Stats
  • This quiz has been taken 54 times
  • The average score is 27 of 119
Answer Stats
Hint Answer % Correct
Male Player Character Lady Killer
85%
Female Player Character Black Widow
67%
Male Player Character Confirmed Bachelor
63%
Repair 90 Jury Rigging
63%
Cannibal
52%
Luck 6 Mysterious Stranger
52%
Guns 45, Melee 45 Cowboy
48%
Commando
44%
Female Player Character Cherchez La Femme
41%
Strength 5, Endurance 5 Strong Back
41%
Intelligence 4 Educated
37%
Guns 45, Explosives 20 Grunt
37%
Gunslinger
37%
Repair 20, Science 70 In Shining Armor
37%
Intelligence 5, Science 50 Nerd Rage!
37%
Melee 80, Sneak 80 Ninja
37%
Guns 45 Shotgun Surgeon
37%
Sneering Imperialist
37%
Charisma 6, Survival 45 Animal Friend
33%
Bloody Mess
33%
Explosive 50 Demolition Expert
33%
Intense Training
33%
Endurance 5 or Survival 40 Lead Belly
33%
Sneak 60 Mister Sandman
33%
Energy Weapons 70 Plasma Spaz
33%
Perception 6, Agility 6 Sniper
33%
Speech 70 Terrifying Presence
33%
Agility 6 Action Boy/ Action Girl
30%
Energy Weapons 60, Guns 60 Concentrated Fire
30%
Finesse
30%
Luck 6, Repair 45 Junk Rounds
30%
Agility 5, Guns 30 Rapid Reload
30%
Guns 70 And Stay Back
26%
Intelligence 4 Comprehension
26%
Survival 30 Hunter
26%
Energy Weapons 90 Laser Commander
26%
Endurance 6, Survival 45 Old World Gourmet
26%
Unarmed 70 Paralyzing Palm
26%
Survival 70 Rad Child
26%
Science 50 Robotics Expert
26%
Agility 7, Unarmed 90 Slayer
26%
Intelligence 4 Swift Learner
26%
Strength 6, Endurance 6 Burden to Bear
22%
Medicine 60 Chemist
22%
Explorer
22%
Here and Now
22%
Repair 45, Explosives 45 Mad Bomber
22%
Luck 5 Scrounger
22%
Agility 6, Sneak 50 Silent Running
22%
Strength 6, Melee 45 Super Slam!
22%
Tag!
22%
Survival 55 Them's Good Eatin'
22%
Karma ≥ 250 Thought You Died
22%
Endurance 5 Toughness
22%
Perception 6, Luck 6 Better Criticals
19%
Intelligence 7, Science 70 Computer Whiz
19%
Fight the Power!
19%
Grim Reaper's Sprint
19%
Strength 5, Explosives 30 Heave, Ho!
19%
Perception 7, Lockpick 70 Infiltrator
19%
Agility 6, Repair 45 Light Touch
19%
Energy Weapons 90 Meltdown
19%
Luck 6 Miss Fortune
19%
Intelligence 5, Barter 70 Pack Rat
19%
Purifier
19%
Explosives 60 Pyromaniac
19%
Endurance 5, Survival 40 Rad Resistance
19%
Intelligence 5 Retention
19%
Guns 45 or Energy Weapons 45 Run 'n Gun
19%
Explosives 70 Splash Damage
19%
Sneak 70 The Professional
19%
Survival 45 Travel Light
19%
Strength < 10 Weapon Handling
19%
Adamantium Skeleton
15%
Karma < -250 Ain't Like That Now
15%
Broad Daylight
15%
Medicine 60 Chem Resistant
15%
Intelligence 4, Survival 45 Entomologist
15%
Luck 5 Fortune Finder
15%
Cannibal Perk Ghastly Scavenger
15%
Strength 7 Heavyweight
15%
Perception 7 Hobbler
15%
Survival 70 Home on the Range
15%
Karma between -250 and 250 Just Lucky I'm Alive
15%
Medicine 70 Living Anatomy
15%
Science 70 Math Wrath
15%
Agility 7 Nerves of Steel
15%
Night Person
15%
Science 90 Nuka Chemist
15%
Endurance 7 Solar Powered
15%
Strength 6, Endurance 6 Stonewall
15%
Agility 8 Tunnel Runner
15%
Endurance 6 Atomic!
11%
Guns 70 Center of Mass
11%
Charisma 6 Ferocious Loyalty
11%
Repair 70 Hand Loader
11%
Explosives 70 Hit the Deck
11%
Endurance 8 Implant GRX
11%
Endurance 6, Barter 70 Long Haul
11%
Unarmed 70 Piercing Strike
11%
Endurance 7 Rad Absorption
11%
Survival 100 Roughin' It
11%
Spray and Pray
11%
Intelligence 7 Voracious Reader
11%
Survival 50 Walker Instinct
11%
Perception between 6 and 9 Alertness
7%
Eye for Eye
7%
Perception 6, Sneak 30 Friend of the Night
7%
Intelligence 6 Lessons Learned
7%
Endurance 6 Life Giver
7%
Perception 6, Agility 6 Light Step
7%
Survival 25 Mile in Their Shoes
7%
Agility 5 Quick Draw
7%
Survival 70 Tribal Wisdom
7%
Fast Metabolism
4%
Endurance 8 Irradiated Beauty
4%
Strength 7, Melee 90 Unstoppable Force
4%
Science 70 Vigilant Recycler
4%
Certified Tech
0%
No matching quizzes found
Score Distribution
Percent of People with Each Score
Percentile by Number Answered
Your Score History
You have not taken this quiz